Introduction to library public services (Record no. 6900)

MARC details
000 -LEADER
fixed length control field 00969nam a22002537a 4500
003 - CONTROL NUMBER IDENTIFIER
control field OSt
005 - DATE AND TIME OF LATEST TRANSACTION
control field 20251205014523.0
008 - FIXED-LENGTH DATA ELEMENTS--GENERAL INFORMATION
fixed length control field 251205b |||||||| |||| 00| 0 eng d
020 ## - INTERNATIONAL STANDARD BOOK NUMBER
International Standard Book Number 1-56308-633-6 (pbk)
040 ## - CATALOGING SOURCE
Original cataloging agency DWC-Main lib
Transcribing agency OC
082 ## - DEWEY DECIMAL CLASSIFICATION NUMBER
Edition number 6th edition
Classification number Res. 025.5 Ev92 1992
100 ## - MAIN ENTRY--PERSONAL NAME
Personal name Evans, E.
245 ## - TITLE STATEMENT
Title Introduction to library public services
Statement of responsibility, etc. Evans, Edward G.
250 ## - EDITION STATEMENT
Edition statement 6th edition
260 ## - PUBLICATION, DISTRIBUTION, ETC.
Place of publication, distribution, etc. Colorado :
Name of publisher, distributor, etc. Libraries Unlimited, a division of Greenwood Publishing Group, Inc.,
Date of publication, distribution, etc. c1992
300 ## - PHYSICAL DESCRIPTION
Extent xvii, 500 pages ;
Dimensions 23 cm.
504 ## - BIBLIOGRAPHY, ETC. NOTE
Bibliography, etc. note Includes bibliographical references and index
650 ## - SUBJECT ADDED ENTRY--TOPICAL TERM
Source of heading or term Libraries and readers--United States
650 ## - SUBJECT ADDED ENTRY--TOPICAL TERM
Source of heading or term Library circulation and loans---United States
650 ## - SUBJECT ADDED ENTRY--TOPICAL TERM
Source of heading or term References services (libraries)---United States
700 ## - ADDED ENTRY--PERSONAL NAME
Personal name Amodeo, Anthony J.
700 ## - ADDED ENTRY--PERSONAL NAME
Personal name Carter, Thomas L.
942 ## - ADDED ENTRY ELEMENTS (KOHA)
Source of classification or shelving scheme Dewey Decimal Classification
Koha item type Book- Reserved
Edition 6th edition
Classification part Res. 025.5 Ev92 1992
Call number prefix Res.
Suppress in OPAC No
952 ## - LOCATION AND ITEM INFORMATION (KOHA)
--
Holdings
Withdrawn status Lost status Source of classification or shelving scheme Damaged status Not for loan Home library Current library Shelving location Date acquired Source of acquisition Total Checkouts Full call number Barcode Date last seen Copy number Price effective from Koha item type Uniform Resource Identifier
    Dewey Decimal Classification     College Library College Library Reserved 08/11/2005 School Fund   Res. 025.5 Ev92 1992 CL42248 12/05/2025 c1 12/05/2025 BK-0 CIRC